Compendio de geología general / (Registro nro. 9947)

Detalles MARC
000 -LEADER
campo de control de longitud fija 03800cam a22007334i 4500
003 - IDENTIFICADOR DE NÚMERO DE CONTROL
campo de control PE-LiUPU
005 - FECHA Y HORA DE LA ÚLTIMA TRANSACCIÓN
campo de control 20250731180055.0
008 - DATOS DE LONGITUD FIJA--INFORMACIÓN GENERAL
campo de control de longitud fija 090928s2008 pe a rb 000 0 spa d
020 ## - NÚMERO INTERNACIONAL ESTÁNDAR DEL LIBRO
Número Internacional Estándar del Libro 6034515335
020 ## - NÚMERO INTERNACIONAL ESTÁNDAR DEL LIBRO
Número Internacional Estándar del Libro 9786034515338
035 ## - NÚMERO DE CONTROL DEL SISTEMA
Número de control de sistema (Sirsi) i9786034515338
040 ## - FUENTE DE CATALOGACIÓN
Centro catalogador/agencia de origen PUCPR
Lengua de catalogación spa
Centro/agencia transcriptor PUCPR
Centro/agencia modificador PE-LiUPU
Normas de descripción rda
049 ## - FONDOS LOCALES (OCLC)
Biblioteca depositaria PRUA
082 04 - NÚMERO DE LA CLASIFICACIÓN DECIMAL DEWEY
Número de clasificación 551
Cutter R78
082 04 - NÚMERO DE LA CLASIFICACIÓN DECIMAL DEWEY
Número de clasificación 551
Cutter R78 2008
100 1# - ENTRADA PRINCIPAL--NOMBRE DE PERSONA
Nombre de persona Rojas Caballero, David R.,
Término indicativo de función/relación autor.
245 10 - MENCIÓN DEL TÍTULO
Título Compendio de geología general /
Mención de responsabilidad, etc. David R. Rojas Caballero, Jorge Paredes Ángeles.
250 ## - MENCION DE EDICION
Mención de edición Primera edición.
264 #1 - PRODUCCIÓN, PUBLICACIÓN, DISTRIBUCIÓN, FABRICACIÓN Y COPYRIGHT
Producción, publicación, distribución, fabricación y copyright Lima :
Nombre del de productor, editor, distribuidor, fabricante UNI,
Fecha de producción, publicación, distribución, fabricación o copyright 2008.
300 ## - DESCRIPCIÓN FÍSICA
Extensión 316 páginas :
Otras características físicas ilustraciones ;
Dimensiones 24 centímetros.
336 ## - TIPO DE CONTENIDO
Término de tipo de contenido text
Fuente rdacontent
337 ## - TIPO DE MEDIO
Nombre/término del tipo de medio unmediated
Fuente rdamedia
338 ## - TIPO DE SOPORTE
Nombre/término del tipo de soporte volume
Fuente rdacarrier
490 0# - MENCIÓN DE SERIE
Mención de serie Programa editorial Eduardo de Habich
504 ## - NOTA DE BIBLIOGRAFÍA, ETC.
Nota de bibliografía, etc. Bibliografía : páginas 315-316.
505 0# - NOTA DE CONTENIDO CON FORMATO
Nota de contenido con formato Tópicos generales -- Magmatismo -- Meteorización o intemperismo -- Metamorfismo y rocas metamórficas -- Deformación de la corteza terrestre -- Formación de montañas y evolución continental -- Movimientos sísmicos -- Tiempo geológico y significado de los fósiles -- Acción geológica de las aguas superficiales -- Aguas subterráneas -- Acción geológica del mar -- Acción geológica del viento -- Glaciación.
526 ## - NOTA DE INFORMACIÓN SOBRE EL PROGRAMA DE ESTUDIO
Nombre del programa Segunda Especialidad En Estadística Aplicada Para Investigación (A Distancia)
526 ## - NOTA DE INFORMACIÓN SOBRE EL PROGRAMA DE ESTUDIO
Nombre del programa Segunda Especialidad En Estadística Aplicada Para Investigación
526 ## - NOTA DE INFORMACIÓN SOBRE EL PROGRAMA DE ESTUDIO
Nombre del programa Odontología
526 ## - NOTA DE INFORMACIÓN SOBRE EL PROGRAMA DE ESTUDIO
Nombre del programa Tecnología Médica En Terapia Física Y Rehabilitación (A Distancia)
526 ## - NOTA DE INFORMACIÓN SOBRE EL PROGRAMA DE ESTUDIO
Nombre del programa Tecnología Médica En Terapia Física Y Rehabilitación (Semipresencial)
526 ## - NOTA DE INFORMACIÓN SOBRE EL PROGRAMA DE ESTUDIO
Nombre del programa Tecnología Médica En Laboratorio Clínico Y Anatomía Patológica
526 ## - NOTA DE INFORMACIÓN SOBRE EL PROGRAMA DE ESTUDIO
Nombre del programa Ingeniería De Ciencia De Datos E Inteligencia Artificial
526 ## - NOTA DE INFORMACIÓN SOBRE EL PROGRAMA DE ESTUDIO
Nombre del programa Ingeniería Ambiental (Semipresencial)
526 ## - NOTA DE INFORMACIÓN SOBRE EL PROGRAMA DE ESTUDIO
Nombre del programa Nutrición humana
526 ## - NOTA DE INFORMACIÓN SOBRE EL PROGRAMA DE ESTUDIO
Nombre del programa Medicina humana
526 ## - NOTA DE INFORMACIÓN SOBRE EL PROGRAMA DE ESTUDIO
Nombre del programa Ingeniería de industrias alimentarias
526 ## - NOTA DE INFORMACIÓN SOBRE EL PROGRAMA DE ESTUDIO
Nombre del programa Ingeniería civil
526 ## - NOTA DE INFORMACIÓN SOBRE EL PROGRAMA DE ESTUDIO
Nombre del programa Ingeniería ambiental
526 ## - NOTA DE INFORMACIÓN SOBRE EL PROGRAMA DE ESTUDIO
Nombre del programa Enfermería
526 ## - NOTA DE INFORMACIÓN SOBRE EL PROGRAMA DE ESTUDIO
Nombre del programa Educación secundaria, especialidad matemática e informática
526 ## - NOTA DE INFORMACIÓN SOBRE EL PROGRAMA DE ESTUDIO
Nombre del programa Educación secundaria, especialidad ambiental, biología y química
596 ## -
-- 1 3
650 #4 - PUNTO DE ACCESO ADICIONAL DE MATERIA--TÉRMINO DE MATERIA
Término de materia o nombre geográfico como elemento de entrada Agua.
650 #4 - PUNTO DE ACCESO ADICIONAL DE MATERIA--TÉRMINO DE MATERIA
Término de materia o nombre geográfico como elemento de entrada Geología
Subdivisión general Manuales.
650 #4 - PUNTO DE ACCESO ADICIONAL DE MATERIA--TÉRMINO DE MATERIA
Término de materia o nombre geográfico como elemento de entrada Geología
Subdivisión geográfica Perú.
650 #4 - PUNTO DE ACCESO ADICIONAL DE MATERIA--TÉRMINO DE MATERIA
Término de materia o nombre geográfico como elemento de entrada Mecánica de suelos.
9 (RLIN) 64
700 1# - ENTRADA AGREGADA--NOMBRE PERSONAL
Nombre de persona Paredes, Jorge,
Fechas asociadas al nombre 1966- ,
Término indicativo de función/relación autor.
910 ## - DATOS DE OPCIÓN DEL USUARIO (OCLC)
-- tqv
-- jhc
-- 20160920
942 ## - ELEMENTOS DE ENTRADA SECUNDARIOS (KOHA)
Fuente del sistema de clasificación o colocación Clasificación Decimal Dewey
Tipo de ítem Koha
949 ## - PROCESAMIENTO DE INFORMACIÓN LOCAL (OCLC)
a 551 R78 2008
w DEWEY
c 1
i FJ02176
l CCODEBUJ1
m BUJ
p 14.15
r 0
s Y
t BOOK
u 2016-9-20
x INGENIERIA
-- P25
0 COMPRA
o .STAFF. Colección General Juliaca
949 ## - PROCESAMIENTO DE INFORMACIÓN LOCAL (OCLC)
a 551 R78 2008
w DEWEY
c 2
i FJ02177
l CCODEBUJ1
m BUJ
p 14.15
r 0
s Y
t BOOK
u 2016-9-20
x INGENIERIA
-- P25
0 COMPRA
o .STAFF. Colección General Juliaca
949 ## - PROCESAMIENTO DE INFORMACIÓN LOCAL (OCLC)
a 551 R78 2008
w DEWEY
c 3
i FJ02178
l CCODEBUJ1
m BUJ
p 14.15
r 0
s Y
t BOOK
u 2016-9-20
x INGENIERIA
-- P25
0 COMPRA
o .STAFF. Colección General Juliaca
949 ## - PROCESAMIENTO DE INFORMACIÓN LOCAL (OCLC)
a 551 R78 2008
w DEWEY
c 4
i FJ02179
l CCODEBUJ1
m BUJ
p 14.15
r 0
s Y
t BOOK
u 2016-9-20
x INGENIERIA
-- P25
0 COMPRA
o .STAFF. Colección General Juliaca
949 ## - PROCESAMIENTO DE INFORMACIÓN LOCAL (OCLC)
a 551 R78
w DEWEY
c 1
i 73544
d 2016-10-5
e 2016-10-5
l CCODEBUL1
m BUL
n 3
p 48.30
r 0
s Y
t BOOK
u 2016-6-14
x INGENIERIA
-- P06
0 COMPRA
o .STAFF. Colección General
994 ## -
-- C0
-- PEPRU
999 ## - NÚMEROS DE CONTROL DE SISTEMA (KOHA)
-- DEWEY
-- 73544
-- 2016-10-5
-- 2021-11-9
-- 7
-- CCODEBUL1
-- BUL
-- 3
-- 48.30
-- 1
-- 0
-- Y
-- BOOK
-- 2016-6-14
-- INGENIERIA
-- P06
-- COMPRA
-- .STAFF. Colección General
999 ## - NÚMEROS DE CONTROL DE SISTEMA (KOHA)
-- DEWEY
-- FJ02176
-- 2018-10-4
-- 2022-1-19
-- 4
-- CCODEBUJ1
-- BUJ
-- 2
-- 14.15
-- 1
-- 0
-- Y
-- BOOK
-- 2016-9-20
-- INGENIERIA
-- P25
-- COMPRA
-- .STAFF. Colección General Juliaca
999 ## - NÚMEROS DE CONTROL DE SISTEMA (KOHA)
-- DEWEY
-- FJ02177
-- 2022-1-19
-- 4
-- CCODEBUJ1
-- BUJ
-- 14.15
-- 0
-- Y
-- BOOK
-- 2016-9-20
-- INGENIERIA
-- P25
-- COMPRA
-- .STAFF. Colección General Juliaca
999 ## - NÚMEROS DE CONTROL DE SISTEMA (KOHA)
-- DEWEY
-- FJ02178
-- 2022-1-19
-- 4
-- CCODEBUJ1
-- BUJ
-- 14.15
-- 0
-- Y
-- BOOK
-- 2016-9-20
-- INGENIERIA
-- P25
-- COMPRA
-- .STAFF. Colección General Juliaca
999 ## - NÚMEROS DE CONTROL DE SISTEMA (KOHA)
-- DEWEY
-- FJ02179
-- 2017-8-8
-- 2022-1-19
-- 4
-- CCODEBUJ1
-- BUJ
-- 1
-- 14.15
-- 0
-- Y
-- BOOK
-- 2016-9-20
-- INGENIERIA
-- P25
-- COMPRA
-- .STAFF. Colección General Juliaca
980 ## - EQUIVALENCIA O REFERENCIA-CRUZADA-MENCIÓN DE SERIE--NOMBRE DE PERSONA/TÍTULO [LOCAL, CANADÁ]
ID del último usuario que modificó el registro 1
Nombre del último usuario que modificó el registro ALBERTO SANCHEZ Responsable de Automatización
Existencias
Visto por última vez Número de inventario Total de préstamos Signatura topográfica completa Código de barras Fecha del último préstamo Copia número Coste, precio de reemplazo Fecha de reemplazo Facultad Tipo de ítem Koha Nota pública Estado de pérdida Fuente del sistema de clasificación o colocación Restricciones de uso No para préstamo Colección Programa académico Biblioteca de origen Biblioteca actual Ubicación en estantería Fecha de adquisición Fuente de adquisición Coste, precio normal de compra
2025-12-02 8 3 551 R78 73544 2016-10-05 e1 53.30 2016-06-14 FIA Libros físicos inventario-2023-12-13 No Perdido Clasificación Decimal Dewey No restringido Disponible para préstamos Colección General Arquitectura Biblioteca CRAI UPeU Lima Biblioteca CRAI UPeU Lima Sala principal 2016-06-14 COMPRA 48.30